Catálogo público

Manual de la leche de los mamíferos no bovinos / editores Young W. Park y George F. W. Haenlein ; traducción Francisco Javier Carballo García (Record no. 217193)

MARC details
000 -CABECERA
campo de control de longitud fija 01057nam a2200301Ia 4500
001 - NÚMERO DE CONTROL
campo de control Z_7100
008 - DATOS DE LONGITUD FIJA--INFORMACIÓN GENERAL
campo de control de longitud fija 220601s9999 xx 000 0 und d
020 ## - NÚMERO INTERNACIONAL ESTÁNDAR DEL LIBRO
Número Internacional Estándar del Libro 978-84-200-1156-1
082 ## - NÚMERO DE LA CLASIFICACIÓN DECIMAL DEWEY
Número de clasificación C 637.17 M36
245 ## - MENCIÓN DE TÍTULO
Título Manual de la leche de los mamíferos no bovinos / editores Young W. Park y George F. W. Haenlein ; traducción Francisco Javier Carballo García
260 ## - PUBLICACIÓN, DISTRIBUCIÓN, ETC.
Lugar de publicación, distribución, etc. Zaragoza, España : Acribia
300 ## - DESCRIPCIÓN FÍSICA
Extensión x, 443 p.
500 ## - NOTA GENERAL
Nota general Traducción de la obra en inglés: Handbook of Milk of Non-Bovine Mammals, 2006
503 ## - NOTA DE HISTORIA BIBLIOGRÁFICA (BK CF MU) [OBSOLETO]
Nota de historia bibliográfica ej.1: consumo
504 ## - NOTA DE BIBLIOGRAFÍA, ETC.
Nota de bibliografía, etc. Incluye bibliografía
650 ## - PUNTO DE ACCESO ADICIONAL DE MATERIA--TÉRMINO DE MATERIA
Término de materia o nombre geográfico como elemento de entrada 1. Leche
9 (RLIN) 148167
650 ## - PUNTO DE ACCESO ADICIONAL DE MATERIA--TÉRMINO DE MATERIA
Término de materia o nombre geográfico como elemento de entrada Leche -- Análisis
650 #7 - PUNTO DE ACCESO ADICIONAL DE MATERIA--TÉRMINO DE MATERIA
Término de materia o nombre geográfico como elemento de entrada Plantas lecheras
Fuente del encabezamiento o término
9 (RLIN) 89014
650 ## - PUNTO DE ACCESO ADICIONAL DE MATERIA--TÉRMINO DE MATERIA
Término de materia o nombre geográfico como elemento de entrada Ganado alternativo
9 (RLIN) 146764
650 ## - PUNTO DE ACCESO ADICIONAL DE MATERIA--TÉRMINO DE MATERIA
Término de materia o nombre geográfico como elemento de entrada Animales lecheros
9 (RLIN) 146763
650 ## - PUNTO DE ACCESO ADICIONAL DE MATERIA--TÉRMINO DE MATERIA
Término de materia o nombre geográfico como elemento de entrada Leche humana
9 (RLIN) 146766
700 ## - PUNTO DE ACCESO ADICIONAL--NOMBRE DE PERSONA
Nombre de persona Park, Young W., ed. \ Haenlein, George F. W., ed.Ì
9 (RLIN) 184872
901 ## - ELEMENTOS DE DATOS A LOCAL LDA (RLIN)
a C 637.17 M36
902 ## - ELEMENTOS DE DATOS B LOCAL, LDB (RLIN)
a M
905 ## - ELEMENTOS DE DATOS E LOCAL, LDE (RLIN)
a 5232272010 sp amn 8212223322spa16
942 ## - ELEMENTOS DE PUNTO DE ACCESO ADICIONAL (KOHA)
Tipo de ítem Koha Libro_
Holdings
Estado de retiro Estado de pérdida Fuente del sistema de clasificación o colocación Estado dañado No para préstamo Código de colección Localización permanente Ubicación/localización actual Ubicación en estantería Fecha de adquisición Total de préstamos Código de barras Fecha visto por última vez Número de copia Precio válido a partir de Tipo de ítem Koha
    Dewey Decimal Classification     General Zootecnia Zootecnia   17/10/2019   z_7313 02/06/2022 1 02/06/2022 Libro